000
00322nam a22001457a 4500
003
SGT
020
_a
978-81-312-0303-3
082
_a
611
_b
C18S
100
_a
SINGH,VISHRAM
245
_a
CLINICAL AND SURGICAL ANATOMY
260
_a
NEW DELHI
_b
ELSEVIER
_c
2018
300
_a
508
650
_a
AYURVEDA
942
_2
ddc
_c
BK
_0
13
999
_c
16912
_d
16912